An introduction to credit risk modeling

I tiakina i:
Ngā taipitopito rārangi puna kōrero
Ngā kaituhi matua: Bluhm, Christian (Author), Overbeck, Ludger (Author), Wagner, Christoph (Author)
Hōputu: Pukapuka
Reo:Ingarihi
I whakaputaina: Danvers Chapman & Hall 2003
Danvers CRC 2003
Rangatū:Chapman and Hall-CRC Financial Mathematics Series
Ngā marau:
Ngā Tūtohu: Tāpirihia he Tūtohu
Kāore He Tūtohu, Me noho koe te mea tuatahi ki te tūtohu i tēnei pūkete!

MARC

LEADER 00000cam a2200000 a 4500
001 UCJ9349
003 CL-VaPUC
008 070316e20030000us |||||||||||||||||eng|d
020 |a 158488326X 
082 0 4 |a 658.88  |b BLU  |2 21 
100 0 |a Bluhm, Christian  |e author  |9 519307 
700 0 |a Overbeck, Ludger  |e author  |9 519308 
700 0 |a Wagner, Christoph  |e author  |9 519309 
245 1 3 |a An introduction to credit risk modeling 
300 |a 297 p 
942 |c BK 
945 |d 20070316 00:00:00  |a cmena 
260 |a Danvers  |b Chapman & Hall  |c 2003 
260 |a Danvers  |b CRC  |c 2003 
650 7 |a CREDITOS  |2 CL-VaPUC  |9 519310 
650 0 |a Modelos matemáticos   |9 259437 
650 0 |a Administración de empresas   |9 260833 
650 0 |a Riesgos   |9 430723 
583 |a last modification  |c 20130822 01:56:20  |k Rodrigo Vera 
490 0 |a Chapman and Hall-CRC Financial Mathematics Series 
999 |c 324885  |d 324883 
952 |0 0  |1 0  |4 0  |6 658_880000000000000_BLU_2003_2003  |7 0  |8 A  |9 405264  |a BIBGIM  |b BIBGIM  |d 2019-11-22  |i 4323300  |o 658.88 BLU 2003 2003  |p 4323300  |r 2025-01-15  |w 2019-11-22  |y BK  |k COM